000 01376caa a22003011ic4500
003 SA-RiAUC
005 20250305193043.0
008 250305s2013 su g 000 0 ara c
020 _a9786030127986
040 _aSA-JeALM
_bara
_cSA-RiAUC
_erda
043 _aa-su---
082 0 4 _a398.2
_qSA-RiAUC
090 _a398.2
_bص ي ر
100 1 _aالصيرفي، عزيزة عبد الله محمد
_eمؤلف.
245 1 0 _aحكتني أمي في الناموسية حكاوي حلوة حجازية /
_cتأليف عزيزة عبد الله محمد الصرفي.
264 1 _aجدة :
_bعزيزة عبد الله الصيرفي.
_c2008
300 _a192 صفحة ؛
_c24 × 17 سم
336 _aنص
_btxt
_2rdacontent
_3عمل تحليلي
337 _aبدون وسيط
_bn
_2rdamedia
338 _aمجلد
_bnc
_2rdacarrier
521 _aموجه للأطفال.
580 _aحكتني أمي في الناموسية حكاوي حلوة حجازية. -جدة، السعودية : عزيزة عبد الله محمد الصرفي، 2013. -مجلد 1.
650 7 _aالقصص العربية الشعبية
_zالسعودية
_zالحجاز
_2aucsh
650 7 _aالأدب الشعبي العربي
_zالسعودية
_zالحجاز
_2aucsh
653 _aالعلوم الإجتماعية
942 _2ddc
_cBOOK
_n0
949 _aSA-JeALM
_d250305
_umohamedma123
_n1
999 _c6281
_d6281